Môi trường và giáo dục bảo vệ môi trường : Dùng cho các trường đại học - cao đẳng khối Sư phạm
Trình bày các vấn đề chung về khoa học môi trường, sinh thái quyển và các kiểu hệ sinh thái chính, tài nguyên thiên nhiên, tác động của con người đối với môi trường, bảo vệ môi trường và phát triển bền vững, giáo dục bảo vệ môi trườ...
Bewaard in:
| Hoofdauteur: | |
|---|---|
| Andere auteurs: | , , |
| Formaat: | Boek |
| Taal: | Vietnamese |
| Gepubliceerd in: |
H.
Giáo dục
2011
|
| Onderwerpen: | |
| Tags: |
Voeg label toe
Geen labels, Wees de eerste die dit record labelt!
|
| Thư viện lưu trữ: | Thư viện Trường Đại học Nam Cần Thơ |
|---|
| LEADER | 01982aam a22002778a 4500 | ||
|---|---|---|---|
| 001 | NCT_15271 | ||
| 008 | 110407s2011 ||||||viesd | ||
| 999 | |c 728 |d 728 | ||
| 020 | |c 52000 | ||
| 082 | 0 | 4 | |2 23rd ed. |a 333.72 |b Kh100 |
| 100 | 1 | |a Lê Văn Khoa |e Chủ biên | |
| 245 | 1 | 0 | |a Môi trường và giáo dục bảo vệ môi trường : |b Dùng cho các trường đại học - cao đẳng khối Sư phạm |c Lê Văn Khoa (chủ biên), Phan Văn Kha, Phan Thị Lạc, Nguyễn Thị Minh Phương |
| 260 | |a H. |b Giáo dục |c 2011 | ||
| 300 | |a 271tr. |b minh hoạ | ||
| 520 | 3 | |a Trình bày các vấn đề chung về khoa học môi trường, sinh thái quyển và các kiểu hệ sinh thái chính, tài nguyên thiên nhiên, tác động của con người đối với môi trường, bảo vệ môi trường và phát triển bền vững, giáo dục bảo vệ môi trường và tổ chức các hoạt động giáo dục | |
| 653 | |a Kỹ thuật môi trường | ||
| 655 | 7 | |a Giáo trình | |
| 700 | 1 | |a Phan Văn Kha | |
| 700 | 1 | |a Phan Thị Lạc | |
| 700 | 1 | |a Nguyễn Thị Minh Phương | |
| 942 | |2 ddc |c BK | ||
| 952 | |0 0 |1 0 |2 ddc |4 0 |6 333_720000000000000_KH100 |7 0 |9 2744 |a 000001 |b 000001 |d 2017-11-06 |o 333.72 Kh100 |p MD.04044 |r 2017-11-06 |v 52000.00 |w 2017-11-06 |y BK | ||
| 952 | |0 0 |1 0 |2 ddc |4 0 |6 333_720000000000000_KH100 |7 0 |9 2745 |a 000001 |b 000001 |d 2017-11-06 |l 6 |o 333.72 Kh100 |p MD.04045 |r 2020-12-01 |s 2020-11-17 |v 52000.00 |w 2017-11-06 |y BK | ||
| 952 | |0 0 |1 0 |2 ddc |4 0 |6 333_720000000000000_KH100 |7 0 |9 2746 |a 000001 |b 000001 |d 2017-11-06 |l 2 |o 333.72 Kh100 |p MD.04046 |r 2020-09-24 |s 2020-09-23 |v 52000.00 |w 2017-11-06 |y BK | ||
| 952 | |0 0 |1 0 |2 ddc |4 0 |6 333_720000000000000_KH100 |7 0 |9 2747 |a 000001 |b 000001 |d 2017-11-06 |l 4 |o 333.72 Kh100 |p MD.04043 |r 2020-11-20 |s 2020-11-18 |v 52000.00 |w 2017-11-06 |y BK | ||
| 980 | |a Thư viện Trường Đại học Nam Cần Thơ | ||